000 00515nam a22002057a 4500
003 OSt
005 20181005141128.0
008 181005b xxu||||| |||| 00| 0 eng d
020 _a8185790019
040 _cDNLM
082 _aQV744 H117p 2007
100 _aHadkar, U. B.
_912573
245 _aPhysical Phamacy
250 _a8th ed.
260 _aMedinova; Nirali Prakashan, 2007
300 _a318p; ill: 24cm
504 _aAppendix, & index included
650 _aPhysical pharmacy
_95649
942 _2z
_cSLOAN
999 _c6162
_d6162